Fortnite Dance - Statistics

General Stats
  • This quiz has been taken 14 times
  • The average score is 5 of 15
Answer Stats
Hint Answer % Correct
L dance Take the L
90%
Dab infinite Infinite Dab
70%
Get hyped Hype
50%
It's also a great exercise move Orange Justice
40%
The challenge is to never stop running Running Man
40%
Basketball dance Baller
30%
Clang! Clang! Clang! Clang! Llama Bell
30%
Money rain Make It Rain
30%
Swipe it over and over again Swipe It
30%
Think about it Calculated
20%
Soccer dance Kick ups
20%
It's the bee's knees! Flapper
10%
It's now or right now! It's Go Time
10%
Don't skip leg day Squat Kick
10%
Do a little jig Step It Up
0%
No matching quizzes found
Score Distribution
Percent of People with Each Score
Percentile by Number Answered
Your Score History
You have not taken this quiz